[Event "OS INCLIVEIS"]
[Site "http://www.queenalice.com/game.php?id=1368961"]
[Date "2015.7.1"]
[Round "-"]
[White "adelio"]
[Black "Anele"]
[Result "1-0"]
[WhiteElo "1634"]
[BlackElo "1024"]

1. d4 Nf6 2. c4 e6 3. a3 Nc6 4. Nc3 Nxd4 5. Qxd4 c5 6. Qd1 d5 7. e3 dxc4 8.
Qxd8+ Kxd8 9. Bxc4 e5 10. Bxf7 Ke7 11. Bc4 Be6 12. Bxe6 Kxe6 13. Nf3 Rd8 14. O-O
h5 15. Bd2 e4 16. Ng5+ Kd7 17. Nf7 Bd6 18. Rad1 Rhf8 19. Nxd8 Kxd8 20. Bc1 Rg8
21. Nb5 Ne8 22. Nxd6 Rf8 23. Nxe8+ Kxe8 24. Rd5 Rf5 25. Rxf5 g6 26. Rxc5 b6 27.
Re5+ Kf8 28. Rxe4 h4 29. Rxh4 a5 30. Rd1 a4 31. Rxa4 b5 32. Ra7 b4 33. Rd8# 1-0

[Event "OS INCLIVEIS"]
[Site "http://www.queenalice.com/game.php?id=1368962"]
[Date "2015.7.1"]
[Round "-"]
[White "Anele"]
[Black "adelio"]
[Result "0-1"]
[WhiteElo "1024"]
[BlackElo "1632"]

1. Nc3 f5 2. d4 c5 3. Be3 c4 4. d5 d6 5. Qd4 e5 6. Qxc4 Be7 7. Nb5 Na6 8. Qa4
Bd7 9. b3 f4 10. Bd2 Nc5 11. Qa3 Bxb5 12. Ba5 b6 13. Bb4 a5 14. e3 Bxf1 15. Kxf1
axb4 16. Qxb4 Nf6 17. Rd1 Rxa2 18. Qb5+ Kf7 19. Nf3 Rxc2 20. Ne1 Rxf2+ 21. Kxf2
Ng4+ 22. Kg1 Ne4 23. Rd3 Ngf2 24. Nf3 Nxd3 25. Qxd3 Nc5 26. Qf5+ Ke8 27. Qg5
Bxg5 28. h4 Bh6 29. b4 Nd3 30. exf4 Bxf4 31. Ng5 b5 32. Rh3 Qb6+ 33. Kf1 Qf2#
0-1

[Event "Challenge"]
[Site "http://www.queenalice.com/game.php?id=1377457"]
[Date "2015.8.14"]
[Round "-"]
[White "McJack3xtr3me"]
[Black "Anele"]
[Result "0-1"]
[WhiteElo "1170"]
[BlackElo "1024"]

1. e4 Nf6 2. Bd3 d5 3. e5 Nfd7 4. Nf3 Nc6 5. O-O Ndxe5 6. Nc3 e6 7. Qe1 a6 8.
Nxe5 f6 9. Nxc6 bxc6 10. a4 d4 11. Na2 f5 12. c3 c5 13. cxd4 cxd4 14. Qe2 Qg5
15. Bc4 Bb7 16. f3 Bc8 17. Qf2 Qf4 18. d3 Qe5 19. Bg5 Bd6 20. Rfe1 Qxh2+ 21. Kf1
Bg3 22. Qxd4 Qh1+ 23. Ke2 Qxg2+ 24. Ke3 Qf2# 0-1